[Event "Druzynowe Mistrzostwa Polski II Liga"]
[Site "Szklarska Poreba"]
[Date "1899-12-30"]
[Round "7.18"]
[White "Czerwinska, Milena"]
[Black "Jedrocha, Katarzyna"]
[Result "1/2-1/2"]
[WhiteTitle "WFM"]
[BlackTitle "k"]
[WhiteElo "2013"]
[BlackElo "1902"]

1. e4 c5 2. Nf3 d6 3. d4 cxd4 4. Nxd4 Nf6 5. Nc3 a6 6. f3 e5 7. Nb3 Be7 8. Be3
Be6 9. Qd2 O-O 10. O-O-O a5 11. a4 Nc6 12. g4 Nb4 13. g5 Ne8 14. h4 f5 15. gxf6
Nxf6 16. Rg1 Rf7 17. Qg2 Kh8 18. Nc5 Qb6 19. Nxe6 Qxe3+ 20. Kb1 Nh5 21. Bc4 Rxf3
22. Nxg7 Rg3 23. Nf5 Rxg2 24. Nxe3 Rxg1 25. Rxg1 Ng7 26. h5 h6 27. Bf7 Rf8 28.
Bg6 Bg5 29. Nf5 Nxf5 30. Bxf5 d5 31. Nb5 dxe4 32. Bxe4 b6 33. c3 Na6 34. Nd6 Rf6
35. Rd1 Nc5 36. Bg6 Rf4 37. Nf7+ Kg7 38. Nxe5 Rxa4 39. Nd7 Nxd7 40. Rxd7+ Kf8
41. Rd6 b5 42. Rb6 Rh4 43. Rxb5 Bd8 44. Rb7 Rh2 45. Rf7+ Kg8 46. Ra7 Kf8 47. Ka2
Re2 48. Rf7+ Kg8 49. Kb3 Re7 50. Rxe7 Bxe7 51. Ka4 Bd8 52. Kb5 Kf8 53. Kc6 Bf6
54. Kb5 Bd8 55. b3 Bf6 56. c4 Bc3 57. c5 Ke7 58. c6 Bd4 59. Kxa5 Kd6 60. Kb5 Kc7
61. Be4 Bb6 62. Kc4 Be3 63. b4 Bf2 64. Kd5 Be3 65. Ke6 Bd4 66. b5 Bc5 67. Kf5
Bd4 68. Kg6 Be3 69. Kg7 Bf4 70. Kg6 1/2-1/2

[Event "Druzynowe Mistrzostwa Polski II Liga"]
[Site "Szklarska Poreba"]
[Date "1899-12-30"]
[Round "7.20"]
[White "Wandzik, Wojciech"]
[Black "Marszalek, Maciej"]
[Result "1-0"]
[WhiteTitle "m"]
[BlackTitle "m"]
[WhiteElo "2396"]
[BlackElo "2299"]

1. e4 d6 2. d4 Nf6 3. Nc3 g6 4. g3 Bg7 5. Bg2 O-O 6. Nge2 e5 7. h3 Nbd7 8. O-O
c6 9. a4 a5 10. Re1 Re8 11. Be3 Qc7 12. Qd2 b6 13. d5 cxd5 14. Nxd5 Nxd5 15. Qxd5
Bb7 16. Qd2 Nc5 17. Nc3 Bc6 18. Red1 Qb7 19. Qe2 Ne6 20. Nb5 Red8 21. Nxd6 Qc7
22. Nb5 Bxb5 23. Qxb5 Nd4 24. Bxd4 exd4 25. Rd2 Bf8 26. Rad1 Bc5 27. Kh2 Qe7 28.
Re2 Rac8 29. Rd3 Rc7 30. e5 Qe6 31. h4 Qd7 32. f4 Qxb5 33. axb5 Re8 34. Bc6 Ree7
35. Kg2 f5 36. c3 dxc3 37. Rxc3 Rc8 38. Rd3 h6 39. Red2 g5 40. Rd8+ Rxd8 41. Rxd8+
Kh7 42. Kf3 gxh4 43. gxh4 h5 44. Bd5 Kh6 45. Bc4 Rg7 46. Be6 Be7 47. Rh8+ Kg6
48. Rb8 Bc5 49. Rc8 Ra7 50. Rg8+ Kh7 51. Rg5 1-0

[Event "Druzynowe Mistrzostwa Polski II Liga"]
[Site "Szklarska Poreba"]
[Date "1899-12-30"]
[Round "7.21"]
[White "Popiol, Michal"]
[Black "Gola, Karol"]
[Result "1/2-1/2"]
[WhiteTitle "II+"]
[BlackTitle "k"]
[WhiteElo "2079"]
[BlackElo "2207"]

1. d4 d5 2. c4 e6 3. Nc3 Nf6 4. cxd5 exd5 5. Bg5 Be7 6. Qc2 c6 7. e3 Nbd7 8. Bd3
O-O 9. Nge2 Re8 10. f3 Nf8 11. O-O N6d7 12. Bxe7 Qxe7 13. e4 dxe4 14. fxe4 Nb6
15. e5 Be6 16. Ne4 Ng6 17. Nd6 Rf8 18. Nf4 Bd5 19. Be4 Bxe4 20. Qxe4 Nxf4 21.
Rxf4 Nc8 22. Nf5 Qe6 23. Rh4 g6 24. Nh6+ Kh8 25. Ng4 f5 26. Qf3 Nd6 27. Nf6 Rf7
28. Qh3 Qe7 29. Rd1 Ne8 30. Nxe8 Rxe8 31. Qb3 Qe6 32. Rh3 Qxb3 1/2-1/2

[Event "Druzynowe Mistrzostwa Polski II Liga"]
[Site "Szklarska Poreba"]
[Date "1899-12-30"]
[Round "7.22"]
[White "Lizak, Jakub"]
[Black "Olesiak, Marcin"]
[Result "1-0"]
[WhiteTitle "k"]
[BlackTitle "I+"]
[WhiteElo "2222"]
[BlackElo "2076"]

1. b3 d5 2. Bb2 Nf6 3. e3 e6 4. Nf3 Be7 5. Be2 O-O 6. O-O c5 7. c4 Nc6 8. cxd5
Nxd5 9. a3 b6 10. Qc2 Bb7 11. Nc3 Nxc3 12. Bxc3 Bf6 13. b4 cxb4 14. axb4 Qd6 15.
Bxf6 gxf6 16. b5 Ne5 17. Ne1 f5 18. Ra4 h6 19. Qb2 Kh7 20. h3 Rg8 21. d4 Qd5 22.
f3 Ng6 23. Nd3 Qd6 24. Qb4 Qg3 25. Qe1 Qxe1 26. Nxe1 Rgc8 27. Bc4 Rc7 28. Nd3
Kg7 29. Rfa1 Bc8 30. d5 Kf6 31. f4 Bd7 32. d6 Rb7 33. Nb4 Rc8 34. Be2 Rc5 35.
Rxa7 Rxa7 36. Rxa7 Nf8 37. Ra8 Kg7 38. Rb8 Bxb5 39. Bf3 Nd7 40. Rb7 Kf6 41. Rc7
Nb8 42. g4 fxg4 43. hxg4 Nd7 44. Bc6 Bxc6 45. Nxc6 e5 46. Nd8 Nb8 47. Rxf7+ Kg6
48. f5+ 1-0

[Event "Druzynowe Mistrzostwa Polski II Liga"]
[Site "Szklarska Poreba"]
[Date "1899-12-30"]
[Round "7.23"]
[White "Dziodzio, Angelika"]
[Black "Szolc, Grzegorz"]
[Result "1-0"]
[WhiteTitle "WFM"]
[BlackTitle "I+"]
[WhiteElo "2108"]
[BlackElo "1995"]

1. e4 c5 2. Nf3 e6 3. d4 cxd4 4. Nxd4 a6 5. Bd3 g6 6. O-O Bg7 7. c3 Ne7 8. Be3
d5 9. Nd2 O-O 10. f4 dxe4 11. Bxe4 Nd5 12. Bxd5 Qxd5 13. Qf3 Qxf3 14. N2xf3 Nd7
15. Rad1 Nf6 16. Nb3 Nd5 17. Bc5 Re8 18. g3 b6 19. Bf2 Bb7 20. Ne5 Rac8 21. Nd7
Rc6 22. Rfe1 Rec8 23. a4 a5 24. Nd2 Ba6 25. Nf3 Bc4 26. Nfe5 Bxe5 27. Nxe5 R6c7
28. Rd4 Ba6 29. h3 h5 30. g4 hxg4 31. hxg4 Kg7 32. Bg3 Rc5 33. f5 Nf6 34. g5 Nd5
35. f6+ Kg8 36. Kf2 b5 37. Rh1 Bb7 38. Rdh4 Nxf6 39. Rh8+ Kg7 40. gxf6+ Kxf6 41.
Nd7+ 1-0

[Event "Druzynowe Mistrzostwa Polski II Liga"]
[Site "Szklarska Poreba"]
[Date "1899-12-30"]
[Round "7.24"]
[White "Mazur, Anna"]
[Black "Wesolowska, Hanna"]
[Result "0-1"]
[WhiteTitle "I+"]
[BlackTitle "WFM"]
[WhiteElo "1693"]
[BlackElo "1950"]

1. e4 e5 2. Nf3 Nf6 3. Nxe5 d6 4. Nf3 Nxe4 5. Nc3 Nxc3 6. dxc3 Be7 7. Bf4 Bg4 8.
Qd2 Bxf3 9. gxf3 Qd7 10. O-O-O Qa4 11. Kb1 Nc6 12. Bh3 O-O 13. Rhg1 Bf6 14. Rg4
Qb5 15. Rdg1 g6 16. Bf1 Qh5 17. R1g3 Rfe8 18. Rh3 Qa5 19. Bc4 Re7 20. Rg1 Rae8
21. a3 Qf5 22. Rh6 Ne5 23. Bd5 c6 24. Be4 Qe6 25. Bxe5 Bxe5 26. Bd3 Qf6 27. Rg4
Qxf3 28. Rgh4 Bg7 29. Rxh7 Re1+ 30. Ka2 Qd5+ 31. c4 Qe5 32. c3 d5 33. Qc2 dxc4
34. Bxc4 Qg5 35. f4 Qg1 36. f5 b5 37. Bxf7+ Kxf7 38. fxg6+ Kg8 39. Rxg7+ Kxg7
40. Rh7+ Kg8 41. Qf5 Qf1 42. Rh8+ Kxh8 43. Qh5+ Kg7 44. Qh7+ Kf6 45. Qh4+ Ke6
46. Qg4+ Qf5 0-1

[Event "Druzynowe Mistrzostwa Polski II Liga"]
[Site "Szklarska Poreba"]
[Date "1899-12-30"]
[Round "7.25"]
[White "Buraczewski, Rafal"]
[Black "Zaskalski, Arkadiusz"]
[Result "0-1"]
[WhiteTitle "k"]
[BlackTitle "k"]
[WhiteElo "2220"]
[BlackElo "2165"]

1. d4 Nf6 2. c4 e6 3. Nc3 d5 4. Nf3 Be7 5. Bg5 h6 6. Bh4 O-O 7. e3 Ne4 8. Bxe7
Qxe7 9. Nxe4 dxe4 10. Nd2 f5 11. Qc2 Nd7 12. Be2 c6 13. g4 Qh4 14. gxf5 exf5 15.
Rf1 c5 16. O-O-O Qxh2 17. Nb3 cxd4 18. exd4 Nf6 19. d5 Bd7 20. Kb1 Rac8 21. c5
Qe5 22. f4 exf3 23. Bxf3 Ne4 24. Rfe1 Rfe8 25. Bxe4 fxe4 26. Re3 Bf5 27. Ka1 Red8
28. Na5 Rxd5 29. Nxb7 Rxd1+ 30. Qxd1 Be6 31. Qa4 Qd5 32. Qb3 Qxb3 33. axb3 Bd5
34. Nd6 Rxc5 35. Nxe4 Bxe4 36. Rxe4 Kf7 37. b4 Rc7 38. Ka2 g5 39. Ka3 h5 40. Ka4
h4 41. Rg4 Kf6 42. Rg1 h3 0-1

[Event "Druzynowe Mistrzostwa Polski II Liga"]
[Site "Szklarska Poreba"]
[Date "1899-12-30"]
[Round "7.26"]
[White "Markiewicz, Jerzy"]
[Black "Mickiewicz, Piotr"]
[Result "1-0"]
[WhiteTitle "FM"]
[BlackTitle "m"]
[WhiteElo "2156"]
[BlackElo "2295"]

1. e4 c5 2. Nf3 e6 3. d4 cxd4 4. Nxd4 Nf6 5. Nc3 d6 6. g4 h6 7. h4 Nc6 8. Rg1 h5
9. gxh5 Nxh5 10. Bg5 Nf6 11. Qd2 Qb6 12. Nb3 Bd7 13. Be2 a6 14. h5 Nxh5 15. Rh1
g6 16. O-O-O Na5 17. Nxa5 Qxa5 18. Kb1 Rc8 19. f4 Rc5 20. Qd4 Rg8 21. Bxh5 gxh5
22. e5 Rxc3 23. bxc3 d5 24. c4 Bc5 25. Qb2 Bc6 26. cxd5 Bxd5 27. Rxd5 exd5 28.
Qxb7 Qb5+ 29. Qxb5+ axb5 30. Rxh5 Bd4 31. Kc1 Bc3 32. Kd1 Kd7 33. Ke2 Ra8 34.
Rh6 d4 35. Rd6+ Kc7 36. Rf6 Rxa2 37. Rxf7+ Kc6 38. Kd3 Ra1 39. e6 Rd1+ 40. Ke4
Re1+ 41. Kf5 b4 42. Bf6 d3 43. cxd3 Bxf6 44. Rxf6 Kc7 45. Rf7+ Kc6 46. Rf8 Kc7
47. Rh8 b3 48. Rh2 Ra1 49. Rb2 Ra5+ 50. Kf6 Rb5 51. Ke7 Rb7 52. f5 Kc6+ 53. Kf6
Rb5 54. d4 Kd6 55. d5 Rb8 56. e7 Kd7 57. Kf7 Kd6 58. Kf6 Rb7 1-0

[Event "Druzynowe Mistrzostwa Polski II Liga"]
[Site "Szklarska Poreba"]
[Date "1899-12-30"]
[Round "7.27"]
[White "Maciaga, Marcin"]
[Black "Augustyn, Sebastian"]
[Result "1-0"]
[WhiteTitle "k+"]
[BlackTitle "k"]
[WhiteElo "2090"]
[BlackElo "2144"]

1. g3 c5 2. Bg2 Nc6 3. c4 g6 4. Nf3 Bg7 5. Nc3 e5 6. d3 Nge7 7. Bg5 O-O 8. O-O
h6 9. Bxe7 Nxe7 10. Nd2 Rb8 11. Qa4 a6 12. Rab1 d6 13. b4 Bd7 14. Qa3 cxb4 15.
Rxb4 Bc6 16. Rfb1 d5 17. cxd5 Nxd5 18. Nxd5 Bxd5 19. Bxd5 Qxd5 20. e4 Qd7 21.
Nc4 f5 22. Nb6 Qd8 23. Nd5 Qd7 24. Qb3 Rf7 25. Rc1 b5 26. Rc7 Qe8 27. a4 fxe4
28. dxe4 Kh7 29. axb5 axb5 30. Rxf7 Qxf7 31. Rxb5 Rf8 32. Qe3 h5 33. Ra5 Qe6 34.
h4 Rf7 35. Ra7 Rd7 36. Kg2 Qf7 37. Rxd7 Qxd7 38. Qb6 Qa4 39. Kf3 Qd1+ 40. Kg2
Qa4 41. Qe3 Qc4 42. Qf3 Qa4 43. Kh2 Qa7 44. Ne3 Bh6 45. Nc4 Bg7 46. Nd6 Qe7 47.
Qd3 Qf6 48. Kg2 Bf8 49. Nc4 Bg7 50. Qd7 g5 51. Nd6 gxh4 52. Ne8 Qg6 53. Qxg7+
Qxg7 54. Nxg7 Kxg7 55. gxh4 Kf6 56. Kf3 Ke6 57. Ke3 Kd6 58. f4 exf4+ 59. Kxf4
Ke6 60. Kg5 1-0

[Event "Druzynowe Mistrzostwa Polski II Liga"]
[Site "Szklarska Poreba"]
[Date "1899-12-30"]
[Round "7.28"]
[White "Czarnecki, Wojciech"]
[Black "Kowalec, Maciej"]
[Result "1/2-1/2"]
[WhiteTitle "k"]
[BlackTitle "k"]
[WhiteElo "2020"]
[BlackElo "2083"]

1. f4 d5 2. Nf3 Nf6 3. b3 g6 4. Bb2 Bg7 5. g3 O-O 6. Bg2 c5 7. O-O Nc6 8. Ne5 Nxe5
9. Bxe5 Bd7 10. c4 Bc6 11. Nc3 d4 12. Bxc6 bxc6 13. Bxf6 exf6 14. Ne4 f5 15. Nxc5
d3 16. Nxd3 Qd4+ 17. Nf2 Qxa1 18. Qxa1 Bxa1 19. Rxa1 Rfd8 20. Nd3 a5 21. Rd1 a4
22. b4 Rd4 23. Rc1 Re8 24. Kf1 Ree4 25. b5 cxb5 26. cxb5 Re6 27. Rc5 Rb6 28. a3
Rd8 29. Nb2 Rdb8 30. Nxa4 Rxb5 31. Rc3 Rb3 32. Rxb3 Rxb3 33. Nc3 Rxa3 34. Kf2
f6 35. Nd5 Kf7 36. d3 Ra5 37. Ne3 g5 38. Kf3 Kg6 39. h4 gxh4 40. gxh4 Kh5 41.
Ng2 Ra2 42. Ne3 Ra5 43. Ng2 Ra3 44. Kg3 Ra2 45. Kf3 Rd2 46. Ne3 Kxh4 47. Nxf5+
Kh5 48. d4 Kg6 49. Nh4+ Kf7 50. e3 Ke6 51. Ke4 Rd1 52. Nf5 Rd2 53. Nh6 Rd1 54.
Nf5 Rd2 1/2-1/2

[Event "Druzynowe Mistrzostwa Polski II Liga"]
[Site "Szklarska Poreba"]
[Date "1899-12-30"]
[Round "7.29"]
[White "Krasiewicz, Robert"]
[Black "Markiewicz, Mateusz"]
[Result "1-0"]
[WhiteTitle "k+"]
[BlackTitle "I++"]
[WhiteElo "2005"]
[BlackElo "2021"]

1. c4 e5 2. g3 f5 3. d4 d6 4. dxe5 dxe5 5. Qxd8+ Kxd8 6. Nc3 Be6 7. Bg5+ Be7 8.
O-O-O Nd7 9. Nf3 e4 10. Bxe7+ Kxe7 11. Nd4 c6 12. Bh3 g6 13. Nxe6 Kxe6 14. Nxe4
Ngf6 15. Nd6 Rab8 16. e4 Ng4 1-0

[Event "Druzynowe Mistrzostwa Polski II Liga"]
[Site "Szklarska Poreba"]
[Date "1899-12-30"]
[Round "7.30"]
[White "Jalowiec, Halina"]
[Black "Tarnowska, Aleksandra"]
[Result "0-1"]
[WhiteTitle "WFM"]
[BlackTitle "I++"]
[WhiteElo "1967"]
[BlackElo "1838"]

1. e4 c5 2. Nf3 e6 3. d4 cxd4 4. Nxd4 a6 5. Bd3 Bc5 6. Nb3 Be7 7. Qg4 g6 8. Qe2
d6 9. O-O Nd7 10. a4 b6 11. Na3 Bb7 12. Nc4 Qc7 13. a5 b5 14. Nb6 Nxb6 15. axb6
Qxb6 16. Be3 Qc7 17. Na5 Kf8 18. c4 b4 19. Rfc1 Kg7 20. Qd2 Bc6 21. Nxc6 Qxc6
22. Qxb4 Nf6 23. f3 Rhb8 24. Qc3 a5 25. Rc2 a4 26. Qd2 Nd7 27. e5 Nc5 28. Bh6+
Kg8 29. exd6 Qxd6 30. Ra3 Rd8 31. Qc3 Bf8 32. Bxf8 Qxf8 33. Be2 Qd6 34. Ra1 Qd4+
35. Qxd4 Rxd4 36. Kf2 Rad8 37. Ke3 e5 38. g3 f5 39. Rac1 Kf7 40. Kf2 Ke6 41. Ke1
Rb8 42. Rd1 Rb3 43. Rcd2 h5 44. Kf2 Rxd2 45. Rxd2 e4 46. Rd5 exf3 47. Rxc5 fxe2
48. Rc6+ Kd7 49. Rxg6 Rxb2 50. Ra6 Ra2 51. Ra5 a3 52. Rxf5 Rc2 53. Rxh5 a2 54.
Ra5 e1=Q+ 55. Kxe1 Rxh2 56. Kf1 Rh1+ 0-1

[Event "Druzynowe Mistrzostwa Polski II Liga"]
[Site "Szklarska Poreba"]
[Date "1899-12-30"]
[Round "7.31"]
[White "Bator, Robert"]
[Black "Dowgird, Filip"]
[Result "1/2-1/2"]
[WhiteTitle "IM"]
[BlackTitle "k"]
[WhiteElo "2398"]
[BlackElo "2270"]

1. d4 Nf6 2. Nf3 e6 3. c4 Nc6 4. g3 d5 5. Bg2 dxc4 6. Qa4 Bb4+ 7. Bd2 Nd5 8. Bxb4
Ndxb4 9. O-O Rb8 10. Na3 a6 11. Ne5 O-O 12. Nxc6 Nxc6 13. Qxc4 Qxd4 14. Bxc6 Qxc4
15. Nxc4 bxc6 16. b3 Rb5 17. Rfc1 Bd7 18. Rc3 Rfb8 19. Rd1 Be8 20. f4 f6 21. Nb2
Kf7 22. Kf2 Ke7 23. Nd3 Rd8 24. Rdc1 a5 25. Ke3 Rh5 26. h4 h6 27. Rc4 g5 28. Rc5
gxf4+ 29. Nxf4 Rxc5 30. Rxc5 e5 31. Nd3 Rd5 32. g4 Bd7 33. Rc4 1/2-1/2

[Event "Druzynowe Mistrzostwa Polski II Liga"]
[Site "Szklarska Poreba"]
[Date "1899-12-30"]
[Round "7.32"]
[White "Dobrowolski, Aleksander"]
[Black "Sypien, Mateusz"]
[Result "1/2-1/2"]
[WhiteTitle "m"]
[BlackTitle "k"]
[WhiteElo "2266"]
[BlackElo "2250"]

1. e4 c5 2. Nf3 Nc6 3. d4 cxd4 4. Nxd4 g6 5. Nc3 Bg7 6. Be3 Nf6 7. Bc4 O-O 8. Bb3
Re8 9. Nxc6 dxc6 10. Qxd8 Rxd8 11. O-O b5 12. Rfd1 Be6 13. Bxe6 fxe6 14. f3 Ne8
15. Rxd8 Rxd8 16. Rd1 Rxd1+ 17. Nxd1 a5 18. b3 Nd6 19. Nf2 Bc3 20. Nd3 e5 21.
Kf2 Nb7 22. Ke2 Kf7 23. Nc5 Nxc5 24. Bxc5 Bd4 25. Ba3 Ke6 26. Kd3 Bg1 27. h3 Bd4
28. Bc1 Bb6 29. Bg5 Bf2 30. Bd2 Bb6 31. Bh6 Bf2 32. Ke2 Bd4 33. Bd2 Bb6 34. Kd3
Kd7 35. Bc3 Ke6 36. Be1 Kd7 37. Bh4 Ke6 38. Bg3 Kf6 39. Bh4+ Ke6 40. Bg3 Kf6 41.
Be1 Ke6 42. a4 Kd6 43. Bd2 Ke6 44. g3 Kd6 45. f4 Ke6 46. axb5 cxb5 47. c4 b4 48.
Be3 Bxe3 49. Kxe3 Kd6 50. f5 g5 51. Kd2 h5 52. g4 hxg4 53. hxg4 Kc5 54. Kd3 1/2-1/2

[Event "Druzynowe Mistrzostwa Polski II Liga"]
[Site "Szklarska Poreba"]
[Date "1899-12-30"]
[Round "7.33"]
[White "Sycz, Dariusz"]
[Black "Kwiecinski, Marian"]
[Result "1-0"]
[WhiteTitle "k"]
[BlackTitle "k"]
[WhiteElo "2182"]
[BlackElo "2216"]

1. d4 d5 2. Nf3 Nf6 3. g3 g6 4. Bg2 Bg7 5. O-O O-O 6. c4 c6 7. Nbd2 Nbd7 8. b3
Re8 9. Bb2 b6 10. Ne5 Bb7 11. e3 e6 12. b4 Nxe5 13. dxe5 Nd7 14. f4 a5 15. b5
cxb5 16. cxb5 Nc5 17. Bd4 Bf8 18. g4 Bc8 19. Rf3 Bd7 20. Rb1 Rc8 21. Rh3 Nd3 22.
a3 Qc7 23. Bf1 Nc5 24. g5 Rb8 25. Qg4 Ne4 26. Nxe4 dxe4 27. Qh4 Bg7 28. Qxh7+
Kf8 29. Qh4 Qc2 30. Qe1 Rec8 31. Rg3 Kg8 32. Rg2 Qa4 33. Ra2 Bf8 34. Qd2 Be8 35.
Qd1 Qxd1 36. Rxd1 Bc5 37. a4 Rd8 38. Rad2 Bb4 39. Rc2 Bc5 40. Kf2 Rbc8 41. Rdc1
Rxd4 42. exd4 Bxd4+ 43. Ke2 Bc5 44. Bg2 e3 45. Rxc5 bxc5 46. b6 Bxa4 47. b7 Bb5+
48. Kxe3 Rb8 49. Rxc5 Ba6 50. Rxa5 Bxb7 51. Rb5 Bxg2 52. Rxb8+ Kg7 53. Kd4 Bh3
54. Kc5 Bf5 55. Kd6 1-0

[Event "Druzynowe Mistrzostwa Polski II Liga"]
[Site "Szklarska Poreba"]
[Date "1899-12-30"]
[Round "7.34"]
[White "Grossmann, Ryszard"]
[Black "Pulik, Krzysztof"]
[Result "1/2-1/2"]
[WhiteTitle "FM"]
[BlackTitle "k"]
[WhiteElo "2070"]
[BlackElo "2134"]

1. d4 d5 2. Nf3 e6 3. c4 c5 4. cxd5 exd5 5. Nc3 Nc6 6. a3 Be6 7. g3 Nf6 8. Bg2
Be7 9. O-O c4 10. b3 cxb3 11. Qxb3 Na5 12. Qb5+ Bd7 13. Qd3 O-O 14. Bg5 Be6 15.
Nd2 h6 16. Bxf6 Bxf6 17. e3 Qd7 18. Rfc1 Rac8 19. a4 a6 20. Qb1 Be7 21. Qb2 Nc4
22. Nxc4 Rxc4 23. Bf1 Rc7 24. Ne2 Rfc8 25. Rxc7 Rxc7 26. Nf4 Bd6 27. Nxe6 fxe6
28. Bd3 Qc8 29. Qe2 Rc1+ 30. Rxc1 Qxc1+ 31. Kg2 Be7 32. Qh5 Qc6 33. Qg6 Bf6 34.
Qh7+ Kf8 35. Bc2 b5 36. axb5 axb5 37. h4 b4 38. Qg6 Qe8 39. Qd3 Qc6 40. Qd1 Ke7
41. Ba4 Qb7 42. Kh3 e5 43. dxe5 Bxe5 44. Kh2 Bf6 45. Bb3 Kd6 46. Qd3 Kc5 47. f4
Bc3 48. g4 Qb5 49. Qxd5+ Kb6 50. Qxb5+ Kxb5 51. Kg2 Be1 52. h5 Kc5 53. Kf3 Bd2
54. e4 Kd6 55. e5+ Ke7 56. Ke4 Bc1 57. Kf5 Bd2 58. g5 hxg5 59. fxg5 Kf8 60. Bc4
Bc1 61. Kg6 Bb2 62. Kf5 Bc1 63. Kg6 Bb2 64. e6 Bc3 65. Kh7 Bd2 66. h6 gxh6 67.
Kxh6 Bc1 68. Kg6 Bd2 69. Kf6 Bc3+ 70. Kf5 Bd2 71. Kg4 Bc3 72. Kf4 Bd2+ 73. Kf5
Bc3 74. Kg6 Bd2 75. Kh7 Bxg5 1/2-1/2

[Event "Druzynowe Mistrzostwa Polski II Liga"]
[Site "Szklarska Poreba"]
[Date "1899-12-30"]
[Round "7.35"]
[White "Skomial, Mateusz"]
[Black "Helaszek, Edward"]
[Result "0-1"]
[WhiteTitle "I++"]
[BlackTitle "k"]
[WhiteElo "2039"]
[BlackElo "2006"]

1. e4 e5 2. Nf3 Nc6 3. Bb5 a6 4. Ba4 d6 5. O-O Bd7 6. c4 Nf6 7. d4 Be7 8. Nc3 O-O
9. Re1 Re8 10. Bg5 h6 11. Bh4 Nh7 12. Bxe7 Qxe7 13. Nd5 Qd8 14. dxe5 dxe5 15.
Qc2 Bg4 16. Qc3 Bxf3 17. gxf3 Ng5 18. Kh1 Re6 19. Rg1 Nd4 20. Bd1 c6 21. Ne3 Nh3
22. Rg3 Nf4 23. Nf5 Nxf5 24. exf5 Re8 25. Qe3 Qd4 26. Bb3 Kh8 27. Rd1 Qxb2 28.
Rd2 Qb1+ 29. Rg1 Qxf5 30. Bc2 Qf6 31. Rd7 Re7 32. Rd2 Rae8 33. Qe4 g6 34. Qe3
Kh7 35. Be4 Qe6 36. c5 Rd7 37. Rb2 Red8 38. Bc2 Qf6 39. Re1 Qg5 40. Rg1 Qxg1+
0-1

[Event "Druzynowe Mistrzostwa Polski II Liga"]
[Site "Szklarska Poreba"]
[Date "1899-12-30"]
[Round "7.36"]
[White "Korosciel, Aneta"]
[Black "Krzyzanowska-zadlo, Lidia"]
[Result "0-1"]
[WhiteTitle "m"]
[BlackTitle "k"]
[WhiteElo "2017"]
[BlackElo "1842"]

1. e4 c5 2. Nf3 e6 3. b3 Nc6 4. Bb2 Nf6 5. e5 Nd5 6. c4 Nc7 7. Be2 Be7 8. Nc3 O-O
9. Ne4 Ne8 10. Bd3 b6 11. h4 d5 12. exd6 Nxd6 13. Qe2 Nb4 14. Bb1 Bb7 15. Neg5
Nf5 16. a3 Bxf3 17. Nxf3 Nc6 18. Qe4 Bf6 19. Bc3 Ncd4 20. Nxd4 Bxd4 21. g4 Bxc3
22. dxc3 Qf6 23. O-O Qxc3 24. Bc2 Rad8 25. Rad1 g6 26. gxf5 exf5 27. Qe2 Qh3 28.
Rd3 Qxh4 29. Rfd1 Qg5+ 30. Rg3 Qf6 31. Rgd3 Rfe8 32. Rxd8 Rxd8 33. Rxd8+ Qxd8
34. Kf1 h5 35. Bd1 Qd7 36. Qf3 Kg7 37. Qc3+ f6 38. Bf3 h4 39. Bd5 g5 40. Qe3 f4
41. Qf3 Kg6 42. Kg2 f5 43. Qc3 g4 44. Qh8 f3+ 45. Kg1 Qe7 46. Qg8+ Kh6 47. Be6
Qf6 48. Bf7 Qa1+ 49. Kh2 Qe5+ 0-1

[Event "Druzynowe Mistrzostwa Polski II Liga"]
[Site "Szklarska Poreba"]
[Date "1899-12-30"]
[Round "7.37"]
[White "Niekras, Dawid"]
[Black "Barglowski, Filip"]
[Result "1-0"]
[WhiteTitle "FM"]
[BlackTitle "FM"]
[WhiteElo "2313"]
[BlackElo "2310"]

1. e4 e5 2. Nf3 Nf6 3. d4 Nxe4 4. Bd3 d5 5. dxe5 Be7 6. O-O O-O 7. c4 Bf5 8. Qe2
c6 9. Rd1 Bc5 10. Bxe4 Bxe4 11. Nc3 Bxf3 12. Qxf3 d4 13. Ne4 Nd7 14. Qf5 Qe7 15.
Bg5 Qe8 16. Bf6 Be7 17. Qg5 1-0

[Event "Druzynowe Mistrzostwa Polski II Liga"]
[Site "Szklarska Poreba"]
[Date "1899-12-30"]
[Round "7.38"]
[White "Winiarski, Mikolaj"]
[Black "Zakrzewski, Marek"]
[Result "0-1"]
[WhiteTitle "FM"]
[BlackTitle "k"]
[WhiteElo "2272"]
[BlackElo "2249"]

1. e4 c5 2. Nf3 e6 3. d4 cxd4 4. Nxd4 Nc6 5. Nb5 d6 6. c4 Nf6 7. N5c3 Be7 8. g3
a6 9. Bg2 Bd7 10. O-O Rc8 11. b3 Ne5 12. a4 O-O 13. h3 Bc6 14. Be3 b6 15. f4 Ned7
16. Nd2 Qc7 17. Qe2 a5 18. g4 Nc5 19. g5 Nfd7 20. f5 Qd8 21. h4 Re8 22. Qg4 Ne5
23. Qg3 Kh8 24. Rad1 Rg8 25. Bd4 Qc7 26. Bxe5 dxe5 27. fxe6 fxe6 28. Nf3 Nd7 29.
g6 Rgf8 30. Ng5 h6 31. Nxe6 Rxf1+ 32. Bxf1 Qb7 33. Bh3 Re8 34. Nd5 Nc5 35. Qxe5
Nxe6 36. Nxe7 Qxe7 37. Rd6 Bd7 38. Rxb6 Qxh4 39. Bxe6 Bxe6 40. Rb8 Qg4+ 41. Kh2
Qxg6 42. Qb5 Rxb8 43. Qxb8+ Kh7 44. Qe5 Qg4 0-1

[Event "Druzynowe Mistrzostwa Polski II Liga"]
[Site "Szklarska Poreba"]
[Date "1899-12-30"]
[Round "7.39"]
[White "Zadymov, Ihor"]
[Black "Chylewski, Patryk"]
[Result "0-1"]
[WhiteTitle "II+"]
[BlackTitle "k++"]
[WhiteElo "2090"]
[BlackElo "2255"]

1. d4 Nf6 2. Nf3 g6 3. b3 Bg7 4. Bb2 O-O 5. g3 c5 6. Bg2 cxd4 7. Nxd4 d5 8. O-O
Re8 9. e3 e5 10. Ne2 Nc6 11. Nd2 Be6 12. c4 Qe7 13. cxd5 Nxd5 14. a3 Red8 15.
Nc3 Nxc3 16. Bxc3 Rac8 17. Ra2 Qc5 18. Qa1 Na5 19. Ne4 Qc7 20. Bxa5 Qxa5 21. Rb2
b6 22. a4 Qb4 23. Rd1 h6 24. Rbd2 Rf8 25. Nd6 Rc3 26. Nb5 Rxb3 27. Nxa7 e4 28.
Qc1 Qxa4 29. Qc7 Kh7 30. Bf1 Ra8 31. Nb5 Rxb5 32. Bxb5 Qxb5 33. Qb7 Ra4 34. Rd6
Ra2 35. Rxb6 Qe2 36. Rf1 Bh3 37. Rbb1 Qf3 0-1

[Event "Druzynowe Mistrzostwa Polski II Liga"]
[Site "Szklarska Poreba"]
[Date "1899-12-30"]
[Round "7.40"]
[White "Rozycki, Bartlomiej"]
[Black "Bernat, Marcin"]
[Result "1-0"]
[WhiteTitle "k++"]
[BlackTitle "k"]
[WhiteElo "2157"]
[BlackElo "2111"]

1. d4 Nf6 2. c4 e6 3. Nf3 c5 4. d5 exd5 5. cxd5 d6 6. Nc3 g6 7. Bf4 a6 8. a4 Bg7
9. h3 O-O 10. e3 Nh5 11. Bh2 Qe7 12. Be2 f5 13. Nd2 f4 14. Nc4 Nd7 15. Bxh5 gxh5
16. Qxh5 Ne5 17. Nxe5 Bxe5 18. Qf3 Bd7 19. O-O Qh4 20. exf4 Bxf4 21. Bxf4 Rxf4
22. Qg3+ Qxg3 23. fxg3 Rb4 24. Rf6 Rxb2 25. Rxd6 Bf5 26. g4 Bg6 27. Rd7 Rc2 28.
Ra3 Rb8 29. Rc7 b6 30. d6 Rd2 31. d7 Rd8 32. Rb3 R8xd7 33. Rxd7 Rxd7 34. Rxb6
Rd3 35. Ne2 Rd1+ 36. Kf2 Bd3 37. Nf4 Bc4 38. Rc6 Ra1 39. Rxc5 Rxa4 40. Rc7 Bf7
41. Ke3 Rc4 42. Ra7 Rc3+ 43. Kd4 Rc4+ 44. Ke5 Rc6 45. Kf5 h6 46. Ne2 Rc5+ 47.
Kf6 Rc6+ 48. Kf5 Rc5+ 49. Kf4 Rc4+ 50. Ke3 Rc6 51. Nd4 Rb6 52. Nf5 Re6+ 53. Kf4
Rb6 54. Ke5 Re6+ 55. Kf4 Rb6 56. g3 Rb4+ 57. Ke5 Rb5+ 58. Kd6 Rb6+ 59. Kc5 Rf6
60. Ne7+ Kf8 61. Nc6 Bc4 62. Ne5 Bb5 63. Kd5 Kg8 64. h4 Be2 65. Ke4 Bb5 66. Ke3
Re6 67. Ke4 Rf6 68. g5 hxg5 69. hxg5 Rf1 70. Ng4 Re1+ 71. Kf4 Rf1+ 72. Ke5 Re1+
73. Kf6 Rf1+ 74. Ke6 Re1+ 75. Ne5 Bd3 76. Kd6 Re3 77. g4 Bb5 78. g6 Rg3 79. Ke6
Rg1 80. Kf6 Rf1+ 81. Kg5 Re1 82. Nf7 Bc4 83. Nh6+ Kf8 84. g7+ Ke8 85. g8=Q+ Bxg8
86. Nxg8 1-0

[Event "Druzynowe Mistrzostwa Polski II Liga"]
[Site "Szklarska Poreba"]
[Date "1899-12-30"]
[Round "7.41"]
[White "Hemmerling, Jaroslaw"]
[Black "Kokoszczynski, Jan"]
[Result "1-0"]
[WhiteTitle "I++"]
[BlackTitle "k"]
[WhiteElo "1920"]
[BlackElo "2103"]

1. Nf3 d5 2. g3 c6 3. Bg2 Bg4 4. d4 Nd7 5. Nbd2 Ngf6 6. O-O e6 7. Re1 Be7 8. c4
O-O 9. b3 a5 10. Bb2 a4 11. e4 dxe4 12. Nxe4 Nxe4 13. Rxe4 Nf6 14. Re3 Qa5 15.
h3 Bh5 16. g4 Bg6 17. Ne5 Rfd8 18. h4 h5 19. Nxg6 fxg6 20. Rxe6 a3 21. Bc1 Bb4
22. Be3 Nxg4 23. Rxg6 Be7 24. Rxg4 hxg4 25. Qxg4 Bf6 26. Rd1 Qc3 27. h5 Re8 28.
Be4 Rad8 29. Qg6 Re5 30. h6 Qa5 31. Qh7+ Kf8 32. hxg7+ Bxg7 33. Qh4 Rh5 34. Qf4+
Kg8 35. Bg6 Rf8 36. Qg4 Rff5 37. Bxh5 Rxh5 38. Qe6+ Kh7 39. Qe4+ Kh8 40. Qe8+
Kh7 41. Qe4+ Kh8 42. Qg4 Bf6 43. b4 Qf5 44. Qxf5 Rxf5 45. Rd3 1-0

[Event "Druzynowe Mistrzostwa Polski II Liga"]
[Site "Szklarska Poreba"]
[Date "1899-12-30"]
[Round "7.42"]
[White "Moscicka, Pola"]
[Black "Debowiak, Arleta"]
[Result "0-1"]
[WhiteTitle "k+"]
[BlackTitle "k"]
[WhiteElo "1894"]
[BlackElo "1838"]

1. e4 d6 2. d4 Nf6 3. Nc3 g6 4. f4 Bg7 5. Nf3 O-O 6. Bd3 Na6 7. O-O c5 8. d5 e6
9. dxe6 fxe6 10. e5 dxe5 11. Nxe5 Nb4 12. Be3 Nxd3 13. Nxd3 b6 14. f5 exf5 15.
Qf3 Ba6 16. Rad1 Qc8 17. Rfe1 Ng4 18. Nd5 Kh8 19. Bf4 Bd4+ 20. Kf1 g5 21. Ne7
Qd8 22. Qh3 gxf4 23. Ng6+ Kg8 24. Ngxf4 Qd6 25. Re2 Bxd3 26. Nxd3 Qxh2 27. Qxh2
Nxh2+ 28. Ke1 Rae8 29. Rdd2 Rxe2+ 30. Rxe2 Kf7 31. c3 Bf6 32. Nf4 Re8 33. Rxe8
Kxe8 34. Nd5 Be5 35. Ne3 f4 36. Nc4 Bc7 0-1